Dzielnice Gdyni - Statystyki

Ogólne statystyki
  • Ten quiz został rozwiązany 1 059 razy
  • Średni wynik to 16 z 22
Statystyki odpowiedzi
Liczba ludności Dzielnica % Poprawnych
6 882 Orłowo
91%
22 788 Chylonia
90%
12 113 Śródmieście
89%
8 179 Redłowo
87%
8 189 Witomino-Leśniczówka
79%
9 518 Witomino-Radiostacja
79%
11 813 Cisowa
78%
9 069 Mały Kack
76%
10 936 Wielki Kack
76%
14 926 Oksywie
75%
9 231 Grabówek
74%
11 281 Wzgórze św. Maksymiliana
74%
18 727 Obłuże
73%
10 292 Karwiny
70%
11 230 Chwarzno-Wiczlino
66%
12 908 Pogórze
66%
14 152 Dąbrowa
65%
8 020 Leszczynki
63%
2 079 Babie Doły
58%
8 398 Pustki Cisowskie-Demptowo
58%
7 705 Działki Leśne
54%
3 989 Kamienna Góra
52%
Nie znaleziono quizów pasujących do podanych kryteriów
Rozkład punktacji
Procent ludzi z każdym wynikiem
Percentyl według liczby udzielonych odpowiedzi
Twoja historia wyników
Nie rozwiązałeś tego quizu